POPAI day 2015: nákup by mal byť predovšetkým zážitkom

Ďalší ročník medzinárodnej obchodnej akcie poukázal na meniace sa spotrebiteľské správanie. Nakupujúci sú vďaka digitálnym technológiám vyspelejší, z mnohých produktov sa stávajú komodity, a preto nie je problém z obchodu odísť a nakúpiť inde. Do popredia vystupujú emócie spojené s nákupným prostred...

Descrizione completa

Salvato in:
Dettagli Bibliografici
Autore principale: Neumann, Pavel
Natura: Capitolo di libro
Lingua:slovacco
Soggetti:
Tags: Aggiungi Tag
Nessun Tag, puoi essere il primo ad aggiungerne!!

MARC

LEADER 00000naa a2200000 4500
001 0214393
005 20231011070502.1
041 0 |a slo 
044 |a SK 
245 1 0 |a POPAI day 2015: nákup by mal byť predovšetkým zážitkom  |c Pavel Neumann 
520 |a Ďalší ročník medzinárodnej obchodnej akcie poukázal na meniace sa spotrebiteľské správanie. Nakupujúci sú vďaka digitálnym technológiám vyspelejší, z mnohých produktov sa stávajú komodity, a preto nie je problém z obchodu odísť a nakúpiť inde. Do popredia vystupujú emócie spojené s nákupným prostredín a ponuka, ktorá sa člení do kategórií podľa nákupných príležitostí. Samozrejmosťou sa stávajú dokonalé služby spojené s nákupom. 
610 2 0 |a nákup 
610 2 0 |a nákup elektronický 
610 2 0 |a správanie spotrebiteľa 
610 2 0 |a konferencie 
100 1 |a Neumann, Pavel